Sborník potřeb a nákladu k položkám ceníku velkoobchodních cen stavebních prací : Pozemní komunikace, letiště a plochy
Gespeichert in:
| Format: | Buch |
|---|---|
| Sprache: | Tschechisch |
| Veröffentlicht: |
Praha :
Ministerstvo stavebnictví,
1977
|
| Tags: |
Keine Tags, Fügen Sie das erste Tag hinzu!
|
MARC
| LEADER | 00000nam a22000003a 4500 | ||
|---|---|---|---|
| 001 | stu202915 | ||
| 005 | 20150408182729.9 | ||
| 008 | 100429s1977----cs------------------cze-d | ||
| 040 | |a STU |b slo | ||
| 041 | 0 | |a cze | |
| 044 | |a cs | ||
| 080 | |a 711.7 | ||
| 080 | |a 625.712.65:657.47 | ||
| 245 | |a Sborník potřeb a nákladu k položkám ceníku velkoobchodních cen stavebních prací : |b Pozemní komunikace, letiště a plochy | ||
| 260 | |a Praha : |b Ministerstvo stavebnictví, |c 1977 | ||
| 300 | |a 96 s | ||
| 996 | |c V*13191/O-3977 |l VV16 |s P |a 0 |w stu202915_0001 | ||
| 996 | |c V*13192/O-3977a |l VV16 |s P |a 0 |w stu202915_0002 | ||